Statistics for Daily U.S. State Riddle #28

Click here to take the quiz!

General Stats

  • This quiz has been taken 68 times
  • The average score is 30 of 34

Answer Stats

TypeAnswer% Correct
Found LetterA
100%
Found LetterO
100%
Correctly Placed LetterA
98%
Alphabet LetterL
98%
Alphabet LetterM
98%
Found LetterN
98%
Alphabet LetterS
98%
Alphabet LetterE
97%
Found LetterI
97%
Correctly Placed LetterN
97%
Found LetterR
97%
Alphabet LetterH
95%
Alphabet LetterK
95%
Alphabet LetterT
95%
Alphabet LetterD
93%
Alphabet LetterG
93%
Alphabet LetterU
92%
Alphabet LetterC
90%
Alphabet LetterW
89%
Alphabet LetterF
87%
Alphabet LetterV
87%
Alphabet LetterY
87%
Alphabet LetterB
85%
Alphabet LetterP
82%
Correctly Placed LetterA
80%
Alphabet LetterX
80%
Correctly Placed LetterO
79%
Mystery U.S. StateArizona
77%
Correctly Placed LetterI
77%
Alphabet LetterJ
77%
Alphabet LetterQ
77%
Correctly Placed LetterR
77%
Correctly Placed LetterZ
77%
Found LetterZ
77%

Score Distribution

Percentile by Number Answered

Percent of People with Each Score

Your Score History

You have not taken this quiz